Распространение электромагнитных волн в плазме

Detalhes bibliográficos
Autor principal: Гинзбург В. Л. Виталий Лазаревич
Idioma:russo
Publicado em: Москва, Наука, 1967
Edição:2-е изд., перераб.
Assuntos:
Formato: MixedMaterials Livro
KOHA link:https://koha.lib.tpu.ru/cgi-bin/koha/opac-detail.pl?biblionumber=106420

MARC

LEADER 00000nam0a2200000 4500
001 106420
005 20231031114911.0
035 |a (RuTPU)RU\TPU\book\114844 
090 |a 106420 
100 |a 20061206d1967 k y0rusy50 ca 
101 0 |a rus 
102 |a RU 
105 |a a z 001zy 
200 1 |a Распространение электромагнитных волн в плазме  |f В. Л. Гинзбург 
205 |a 2-е изд., перераб. 
210 |a Москва  |c Наука  |d 1967 
215 |a 683 с.  |c черт. 
320 |a Библиогр.: с. 630-680. 
610 1 |a электромагнитные волны 
610 1 |a распространение 
610 1 |a плазма 
610 1 |a радиоволны 
610 1 |a нелинейные явления 
675 |a 537.222  |v 3 
700 1 |a Гинзбург  |b В. Л.  |g Виталий Лазаревич 
801 1 |a RU  |b 63413507  |c 20061206  |g PSBO 
801 2 |a RU  |b 63413507  |c 20140428  |g PSBO 
942 |c BK